| Tag |
First Indicator |
Second Indicator |
Subfields |
| LEADER |
00000nam a2200000 i 4500 |
| 001 |
in00004033521 |
| 005 |
20190117084625.0 |
| 006 |
m o d f |
| 007 |
cr ||||||||||| |
| 008 |
160728s1903 dcub ob f001 0 eng c |
| 019 |
|
|
|a 958308791
|
| 035 |
|
|
|a (OCoLC)ocn954173091
|
| 040 |
|
|
|a COP
|b eng
|e rda
|e pn
|c COP
|d OCLCO
|d OCLCF
|d AERDC
|d GPO
|d MvI
|
| 042 |
|
|
|a pcc
|
| 043 |
|
|
|a n-us-hi
|
| 049 |
|
|
|a WWW
|
| 074 |
|
|
|a 0625 (online)
|
| 086 |
0 |
|
|a I 19.13:77
|
| 100 |
1 |
|
|a Lindgren, Waldemar,
|d 1860-1939,
|e author.
|
| 245 |
1 |
4 |
|a The water resources of Molokai, Hawaiian islands /
|c by Waldemar Lindgren.
|
| 264 |
|
1 |
|a [Washington, D.C.] :
|b Department of the Interior, U.S. Geological Survey,
|c 1903.
|
| 264 |
|
2 |
|a Washington :
|b Government Printing Office
|
| 300 |
|
|
|a 1 online resource (62 pages) :
|b map.
|
| 336 |
|
|
|a text
|b txt
|2 rdacontent
|
| 337 |
|
|
|a computer
|b c
|2 rdamedia
|
| 338 |
|
|
|a online resource
|b cr
|2 rdacarrier
|
| 490 |
1 |
|
|a Water-supply and irrigation paper ;
|v no. 77
|
| 490 |
1 |
|
|a Series O, Underground waters, 19
|
| 504 |
|
|
|a Includes bibliographical references and index.
|
| 588 |
|
|
|a Description based on online resource, PDF version; title from title page (USGS, viewed Oct. 31, 2018).
|
| 650 |
|
0 |
|a Water-supply
|z Hawaii
|z Molokai.
|
| 650 |
|
7 |
|a Water-supply.
|2 fast
|0 (OCoLC)fst01172350
|
| 651 |
|
7 |
|a Hawaii
|z Molokai.
|2 fast
|0 (OCoLC)fst01240314
|
| 710 |
2 |
|
|a Geological Survey (U.S.),
|e issuing body.
|
| 776 |
0 |
8 |
|i Print version:
|a Lindgren, Waldemar
|t Water resources of Molokai, Hawaiian islands
|w (OCoLC)271158
|
| 830 |
|
0 |
|a Water-supply and irrigation papers of the United States Geological Survey ;
|v no. 77.
|
| 830 |
|
0 |
|a Series O--Underground waters ;
|v 19.
|
| 856 |
4 |
0 |
|u https://purl.fdlp.gov/GPO/gpo110929
|t 0
|
| 999 |
f |
f |
|s 6bac57c8-4c90-395f-b0cb-75df10650c06
|i 72815398-588e-3452-8065-4d3936a5686d
|t 0
|
| 952 |
f |
f |
|a Texas A&M University
|b College Station
|c Electronic Resources
|d Available Online
|t 0
|e I 19.13:77
|h Superintendent of Documents classification
|
| 998 |
f |
f |
|a I 19.13:77
|t 0
|l Available Online
|